000 00317nam a2200133Ia 4500
005 20251222144644.0
008 251222s9999||||xx |||||||||||||| ||spa||
020 _a88-215-3553-3
082 _a219.1/G51
100 _aGiussani, Luigi
245 0 _aLettere di fede e di amicizia
264 _bSan Paolo
942 _cLIB
999 _c16805
_d16805